| 000 | 00587nam a22002057a 4500 | ||
|---|---|---|---|
| 001 | 25481 | ||
| 005 | 20260424075711.0 | ||
| 008 | 260424b |||||||| |||| 00| 0 spa d | ||
| 041 | _aESP | ||
| 082 |
_a985.4 _bC81 |
||
| 100 | _aCornejo Cuadros, Alejandro | ||
| 245 | _aEl mausoleo de la justicia: precesiones históricas sobre el Palacio de Justicia de Arequipa en honor al mérito, la justicia y la verdad | ||
| 260 |
_a : _b , _c2005 |
||
| 300 |
_a000 páginas : _b ; _c00 cm. |
||
| 440 | _a ; | ||
| 650 | _aDER | ||
| 654 | _aCDE | ||
| 700 | _a; | ||
| 942 |
_cLIB _dJUS _fJUS _n0 _2ddc |
||
| 999 |
_c25481 _d25481 |
||